LEADER 00987nam0-2200301---450- 001 990008789570403321 005 20090112130920.0 035 $a000878957 035 $aFED01000878957 035 $a(Aleph)000878957FED01 035 $a000878957 100 $a20090112d1883----km-y0itay50------ba 101 0 $aita 102 $aIT 105 $aa-------001yy 200 1 $a<>periplo della Sicilia nel Medio evo$etratto da carte geografiche manoscritte delle biblioteche del Veneto$fVittore Bellio 210 $aPalermo$cStab. Tipogr. Virzì$d1883 215 $a30 p., 1 c. ripieg.$cill.$d24 cm 300 $aEstr. da: Archivio storico siciliano, N.S., anno VII 610 0 $aSicilia$aGeografia storica 700 1$aBellio,$bVittore$f<1847-1909>$0353137 801 0$aIT$bUNINA$gRICA$2UNIMARC 901 $aBK 912 $a990008789570403321 952 $aMisc.028-001$bIst. 5903$fILFGE 959 $aILFGE 996 $aPeriplo della Sicilia nel Medio evo$9809721 997 $aUNINA